500 Most Popular Girls Names in England & Wales (2020) - Statistics

General Stats
  • This quiz has been taken 5,014 times
  • The average score is 157 of 500
Answer Stats
Answer % Correct
419 A Ana
88%
89 A Anna
88%
246 A Aliza
80%
43 E Eliza
80%
60 E Emma
80%
232 E Emmie
79%
1 O Olivia
77%
412 O Oliwia
77%
56 E Elizabeth
75%
137 I Isabel
74%
34 I Isabelle
74%
159 I Isobel
74%
2 A Amelia
73%
338 E Emelia
73%
31 E Emilia
73%
27 A Alice
72%
487 A Alys
72%
279 A Amy
72%
417 C Catherine
72%
20 C Charlotte
72%
291 M Mary
72%
410 E Emilie
71%
15 E Emily
71%
102 S Sara
71%
116 S Sarah
71%
211 H Hana
70%
177 H Hanna
70%
75 H Hannah
70%
480 E Ela
69%
16 E Ella
69%
208 L Lillie
69%
91 L Lilly
69%
7 L Lily
69%
4 A Ava
68%
61 R Rose
68%
101 L Lara
66%
178 L Laura
66%
87 A Abigail
64%
192 E Eve
64%
71 M Maria
64%
253 B Belle
62%
46 C Chloe
62%
37 J Jessica
62%
35 E Eva
61%
309 K Katie
61%
353 R Rachel
61%
11 G Grace
60%
423 L Lucie
60%
69 L Lucy
60%
118 V Victoria
60%
448 M Mae
59%
26 S Sophie
59%
108 Z Zoe
59%
8 I Isabella
58%
23 S Sofia
58%
10 S Sophia
58%
300 Z Zofia
58%
24 D Daisy
57%
67 E Ellie
57%
366 M Mali
57%
113 M Mollie
57%
54 M Molly
57%
431 J Jennifer
56%
475 L Lea
56%
143 L Leah
56%
383 L Leia
56%
401 L Lia
56%
5 M Mia
56%
236 R Rebecca
56%
445 A Aila
55%
413 A Aiyla
55%
132 A Annie
55%
70 A Ayla
55%
3 I Isla
55%
361 I Iyla
55%
131 J Julia
55%
282 A Annabel
54%
105 A Annabelle
54%
39 A Aria
54%
340 A Ariya
54%
134 A Arya
54%
63 B Bella
54%
314 D Diana
53%
409 E Elle
53%
494 E Ellen
53%
84 G Georgia
53%
195 H Hollie
53%
81 H Holly
53%
313 A Alicia
52%
389 A Alicja
52%
267 A Alisha
52%
136 A Alexandra
51%
399 A Angel
51%
352 F Frances
51%
9 R Rosie
50%
6 I Ivy
49%
359 M Margaret
49%
407 N Natalie
49%
155 N Nora
49%
285 N Norah
49%
226 B Bethany
48%
33 M Millie
48%
174 Z Zahra
48%
73 Z Zara
48%
53 E Eleanor
47%
21 E Evelyn
47%
77 I Iris
47%
38 A Ada
46%
390 A Aida
46%
147 A Ayda
46%
18 E Evie
46%
14 F Florence
46%
55 H Harriet
46%
124 I Indie
46%
78 J Jasmine
46%
99 O Olive
46%
161 R Rosa
46%
48 V Violet
45%
213 A Alyssa
44%
58 E Erin
44%
233 M Megan
44%
17 P Poppy
44%
30 R Ruby
44%
83 A Amber
43%
90 C Clara
43%
481 E Ember
43%
437 K Klara
43%
281 N Nicole
43%
44 P Penelope
43%
142 A Ariana
41%
331 A Arianna
41%
370 B Beau
41%
329 H Helena
41%
135 M Maddison
41%
170 M Madison
41%
125 A Aaliyah
40%
327 A Aliyah
40%
414 B Betty
40%
12 F Freya
40%
427 F Freyja
40%
167 E Esther
39%
200 I India
39%
484 L Lilia
39%
65 L Lola
39%
193 M Maia
39%
215 M Maja
39%
32 M Maya
39%
157 M Mya
39%
443 M Myah
39%
450 C Ciara
38%
19 E Elsie
38%
286 G Georgina
38%
294 K Keira
38%
217 K Kiara
38%
447 K Kira
38%
490 K Kyra
38%
277 L Laila
38%
51 L Layla
38%
201 L Leila
38%
422 L Leyla
38%
324 M Madeleine
38%
343 M Madeline
38%
66 N Nancy
38%
185 N Naomi
38%
13 W Willow
38%
109 B Beatrice
37%
164 B Beatrix
37%
76 G Gracie
37%
483 J Joanna
37%
187 L Lena
37%
404 L Lina
37%
25 P Phoebe
37%
82 A Amelie
36%
328 C Cara
36%
317 F Flora
36%
52 I Imogen
36%
36 L Luna
36%
115 M Martha
36%
237 M Melissa
36%
145 N Nina
36%
319 A Audrey
35%
175 D Dorothy
35%
85 E Edith
35%
165 F Faith
35%
110 H Hope
35%
269 J Josephine
35%
257 L Lila
35%
196 L Lilah
35%
97 L Lyla
35%
393 M Michelle
35%
492 S Stephanie
35%
265 A April
34%
153 C Cora
34%
140 E Elena
34%
106 E Esmae
34%
42 E Esme
34%
496 E Esmee
34%
112 F Francesca
34%
289 G Gabriela
34%
150 G Gabriella
34%
41 M Maisie
34%
375 M Maisy
34%
306 N Nia
34%
166 P Penny
34%
205 P Polly
34%
225 A Alana
33%
28 H Harper
33%
299 J Jessie
33%
334 L Lillian
33%
188 N Natalia
33%
209 A Alayna
32%
276 J Josie
32%
191 M Maggie
32%
29 M Matilda
32%
348 N Nell
32%
287 N Neve
32%
139 N Niamh
32%
358 A Avery
31%
446 C Camilla
31%
62 D Delilah
31%
255 E Elise
31%
403 E Erica
31%
474 E Erika
31%
482 G Gabrielle
31%
434 P Pola
31%
50 S Scarlett
31%
93 S Summer
31%
372 A Addison
30%
40 A Arabella
30%
64 A Aurora
30%
117 A Autumn
30%
45 B Bonnie
30%
374 B Brianna
30%
103 F Felicity
30%
245 L Lana
30%
138 L Lydia
30%
454 M Maddie
30%
47 M Mila
30%
250 Q Quinn
30%
479 A Annabella
29%
386 A Arla
29%
190 B Brooke
29%
129 E Eloise
29%
72 O Orla
29%
22 S Sienna
29%
462 S Siyana
29%
154 H Hazel
28%
120 N Nellie
28%
234 N Nelly
28%
385 A Adeline
27%
365 E Elisa
27%
95 H Heidi
27%
259 I Ida
27%
296 K Kayla
27%
491 M Mira
27%
292 M Mirha
27%
152 S Sadie
27%
214 S Seren
27%
295 S Stella
27%
459 T Tia
27%
387 V Vivienne
27%
339 Y Yasmin
27%
373 A Aubree
26%
238 A Aubrey
26%
216 B Billie
26%
59 L Lottie
26%
181 O Ophelia
26%
231 R Riley
26%
486 A Adelaide
25%
127 D Darcey
25%
79 D Darcie
25%
122 D Darcy
25%
98 E Eden
25%
229 H Halle
25%
49 H Hallie
25%
199 L Lucia
25%
68 M Mabel
25%
470 T Tillie
25%
156 T Tilly
25%
100 A Aisha
24%
283 A Anya
24%
263 A Ayesha
24%
439 C Cali
24%
171 C Callie
24%
320 D Daphne
24%
104 F Fatima
24%
311 F Fatimah
24%
141 F Frankie
24%
222 H Hattie
24%
312 N Nadia
24%
458 S Selena
24%
416 A Agnes
23%
258 A Aleena
23%
304 A Alina
23%
179 B Betsy
23%
149 C Connie
23%
321 D Dolly
23%
220 G Georgie
23%
228 L Lacey
23%
189 P Paige
23%
128 S Savannah
23%
126 L Lexi
22%
362 L Lexie
22%
418 M Macie
22%
80 M Margot
22%
121 P Pippa
22%
469 R Rosemary
22%
57 T Thea
22%
218 W Wren
22%
148 A Anastasia
21%
408 C Cecilia
21%
379 E Eadie
21%
114 E Edie
21%
302 F Faye
21%
467 H Henrietta
21%
197 L Liliana
21%
363 LR Lily-Rose
21%
290 M Melody
21%
398 R Robin
21%
74 R Robyn
21%
381 S Serena
21%
168 S Skye
21%
184 A Athena
20%
388 E Evangeline
20%
206 H Harley
20%
429 LM Lily-Mae
20%
260 L Lois
20%
94 M Maeve
20%
367 P Philippa
20%
326 R Rae
20%
160 A Amara
19%
488 A Ameera
19%
176 A Amira
19%
357 A Amirah
19%
402 B Bianca
19%
310 ER Ella-Rose
19%
298 E Everleigh
19%
207 E Everly
19%
230 IR Ivy-Rose
19%
432 L Liana
19%
221 L Liyana
19%
92 L Lyra
19%
461 OR Olivia-Rose
19%
315 R Rosalie
19%
212 T Talia
19%
107 A Amaya
18%
376 A Amayah
18%
264 A Amina
18%
478 A Aminah
18%
472 A Amiyah
18%
280 AR Ava-Rose
18%
180 C Cleo
18%
202 E Eliana
18%
333 E Emmeline
18%
382 G Gianna
18%
270 M Miriam
18%
223 W Winnie
18%
272 A Amal
17%
249 A Antonia
17%
172 A Aoife
17%
336 BR Bella-Rose
17%
421 GM Gracie-Mae
17%
244 IR Isla-Rose
17%
144 N Nova
17%
169 P Piper
17%
251 T Tabitha
17%
278 W Winter
17%
337 W Wynter
17%
305 A Alma
16%
241 AR Amelia-Rose
16%
242 A Astrid
16%
368 C Constance
16%
378 D Demi
16%
360 F Fern
16%
498 G Genevieve
16%
369 H Harmony
16%
440 I Iona
16%
297 L Libby
16%
394 M Minnie
16%
111 N Nevaeh
16%
186 A Ariella
15%
203 A Aurelia
15%
377 AM Ava-Mae
15%
330 A Aya
15%
268 A Ayah
15%
442 C Celine
15%
273 D Dottie
15%
96 E Elodie
15%
380 F Fleur
15%
323 J Jemima
15%
146 P Paisley
15%
271 P Pearl
15%
395 R Raya
15%
485 R Reya
15%
476 R Rhea
15%
435 R Rowan
15%
240 V Valentina
15%
347 D Daria
14%
261 M Mariam
14%
355 M Marley
14%
86 M Maryam
14%
457 MR Mia-Rose
14%
455 N Noa
14%
303 P Peyton
14%
477 S Sydney
14%
397 A Amalia
13%
464 B Blake
13%
256 C Clementine
13%
204 E Effie
13%
489 EM Elsie-Mae
13%
235 E Etta
13%
391 F Ffion
13%
182 H Harlow
13%
436 K Kaia
13%
342 M Miley
13%
151 R River
13%
219 S Skyla
13%
252 A Alessia
12%
130 A Anaya
12%
452 A Anayah
12%
466 HR Harper-Rose
12%
350 H Honey
12%
119 M Marnie
12%
247 N Nyla
12%
325 N Nylah
12%
424 P Peggy
12%
162 S Skylar
12%
500 T Tiana
12%
356 V Verity
12%
262 A Alaia
11%
288 A Alaya
11%
173 A Alba
11%
468 J Juniper
11%
284 N Noor
11%
444 O Octavia
11%
194 R Remi
11%
425 S Sylvie
11%
493 W Winifred
11%
349 A Anais
10%
88 M Myla
10%
438 N Nala
10%
254 N Nola
10%
123 O Ottilie
10%
158 P Primrose
10%
396 S Sapphire
10%
275 T Tallulah
10%
364 T Theodora
10%
133 Z Zainab
10%
346 Z Zaynab
10%
495 E Elora
9%
400 I Imaan
9%
453 R Romy
9%
497 E Evelina
8%
460 F Fiadh
8%
411 J Juno
8%
441 O Ocean
8%
451 P Phoenix
8%
308 S Saoirse
8%
266 V Vienna
8%
471 Y Yara
8%
463 A Ayana
7%
335 A Ayra
7%
344 B Blossom
7%
227 D Dua
7%
406 E Eira
7%
183 K Khadija
7%
239 K Khadijah
7%
354 M Maeva
7%
499 S Shelby
7%
301 Z Zuzanna
7%
426 A Aayat
6%
248 A Aiza
6%
316 A Aizah
6%
198 A Ayat
6%
420 D Dolcie
6%
274 H Hafsa
6%
465 H Haleema
6%
345 H Halima
6%
405 H Hania
6%
243 H Haniya
6%
224 I Inaaya
6%
307 I Inaya
6%
351 I Inayah
6%
428 I Iqra
6%
433 I Isra
6%
392 M Meadow
6%
384 P Pixie
6%
163 Z Zoya
6%
371 J Jannat
5%
318 R Reeva
5%
449 A Aqsa
4%
322 H Hawa
4%
210 S Safa
4%
293 S Syeda
4%
332 Y Yusra
4%
473 A Anabia
3%
341 H Hoorain
3%
415 M Marwa
3%
430 H Hiba
2%
456 R Ruqayyah
2%
No matching quizzes found
Score Distribution
Percent of People with Each Score
Percentile by Number Answered
Your Score History
You have not taken this quiz